Normal view
MARC view
- Saborit García Peña, Antonio,
Entry Nombre Personal
001 - NUMERO DE CONTROL
- campo de control: 35800
003 - IDENTIFICADOR DE NUMERO DE CONTROL
- campo de control: UPN
005 - FECHA Y HORA DE LA ÜLTIMA TRANSACCIÓN
- campo de control: 20210219194507.0
008 - DATOS DE LONGITUD FIJA
- campo de control de longitud fija: nabaccnnaabn|||||||||| b |nc|||||d
035 ## - NUMERO DE CONTROL
- Número de control: UPN11000007907
040 ## - FUENTE DE CATALOGACIÓN
- Lenguaje de catalogación: SPA
- Agencia de transcripción: UPN
100 1# - ENCABEZAMIENTO - NOMBRE PERSONAL
- Nombre personal: Saborit García Peña, Antonio,
- Fechas asociadas con el nombre: 1957-
400 1# - VEÁSE - NOMBRE DE PERSONA
- Personal name: Saborit, Antonio,
- Dates associated with a name: 1957-
670 ## - FUENTE EN LA QUE SE LOCALIZARON DATOS
- Cita de la fuente: LC/P
680 ## - NOTA PUBLICA DE ACCESO PÚBLICO
- Frase explicativa de la referencia: Historiador, ensayista, narrador, editor, traductor y columnista mexicano
902 ## - CATALOGADOR
- Catalogador: CAA/170914
